[Event "Florence op 6th"]
[Site "Florence"]
[Date "2012.11.04"]
[Round "7"]
[White "Francalanci, Giulio"]
[Black "Engl, Stefan"]
[Result "1-0"]
[WhiteElo "1798"]
[BlackElo "1857"]
[PlyCount "69"]
[EventDate "2012.11.01"]
[EventType "swiss"]
[EventRounds "7"]
[EventCountry "ITA"]
[SourceTitle "EXT 2014"]
[Source "ChessBase"]
[SourceDate "2013.11.20"]
[SourceVersion "1"]
[SourceVersionDate "2013.11.20"]
[SourceQuality "1"]

1. e4 d5 2. exd5 Qxd5 3. Nc3 Qd6 4. d4 Nf6 5. Nf3 c6 6. Ne5 Bf5 7. Bc4 e6 8. Bf4 Qb4 9. Bb3 Nbd7 10. a3 Qa5 11. Nc4 Qd8 12. 0-0 Nb6 13. Re1 Be7 14. Qe2 0-0 15. Rad1 Nbd5 16. Nxd5 Nxd5 17. Be5 Bg6 18. Ne3 Rc8 19. c4 Nxe3 20. Qxe3 Qb6 21. Qc3 Rfe8 22. Ba2 a5 23. h3 Qa7 24. Re3 Red8 25. Qe1 Bd6 26. d5 Bc5 27. Re2 cxd5 28. cxd5 exd5 29. Rxd5 Rxd5 30. Bxd5 Bf5 31. Bd4 Bd7 32. Bc3 b6 33. Re7 Bxe7 34. Qxe7 Rf8 35. Qg5 1-0

[Event "Florence op 6th"]
[Site "Florence"]
[Date "2012.11.03"]
[Round "5"]
[White "Francalanci, Giulio"]
[Black "Burgassi, Daniele"]
[Result "0-1"]
[WhiteElo "1798"]
[BlackElo "1802"]
[PlyCount "72"]
[EventDate "2012.11.01"]
[EventType "swiss"]
[EventRounds "7"]
[EventCountry "ITA"]
[SourceTitle "EXT 2014"]
[Source "ChessBase"]
[SourceDate "2013.11.20"]
[SourceVersion "1"]
[SourceVersionDate "2013.11.20"]
[SourceQuality "1"]

1. e4 c5 2. Nf3 Nc6 3. d4 cxd4 4. Nxd4 Nf6 5. Nc3 e5 6. Ndb5 d6 7. Bg5 a6 8. Na3 b5 9. Nd5 Be7 10. Bxf6 Bxf6 11. c3 0-0 12. Nc2 Bg5 13. a4 bxa4 14. Rxa4 a5 15. Bc4 Rb8 16. b3 Kh8 17. 0-0 f5 18. exf5 Bxf5 19. Nce3 Bxe3 20. Nxe3 Bg6 21. Nd5 e4 22. f4 exf3 23. Rxf3 Rxf3 24. Qxf3 Ne5 25. Qe2 Bf7 26. h3 Rc8 27. Qe3 Rb8 28. Qa7 Nxc4 29. Qxf7 Ne5 30. Qe7 Qxe7 31. Nxe7 Rxb3 32. Rxa5 g6 33. Ra7 Rxc3 34. Nd5 Rc4 35. Nf6 Rh4 36. Kf2 Rf4+ 0-1